000 00309nam a22001337a 4500
020 _qHB.
040 _cFIZZA ISHAQ
082 _a004.33
_bDAV
100 _aCOLLER,E DAVID.
_989260
245 _aPARALLEL COMPUTER /
_cDAVID E COLLER.
260 _aNEW YORK ;
_c1999.
300 _a1025 P. ;
942 _2ddc
_cBK
999 _c588065
_d588065